Statistics for Most Populous Countries Without a Walmart

Click here to take the quiz!

General Stats

  • This quiz has been taken 135 times
  • The average score is 16 of 20

Answer Stats

PopulationCountry% Correct
1,366India
97%
146Russia
92%
217Pakistan
91%
65France
89%
84Germany
89%
271Indonesia
89%
163Bangladesh
87%
211Brazil
87%
100Egypt
83%
83Iran
81%
61Italy
81%
83Turkey
81%
96Vietnam
81%
87Democratic Republic of the Congo
77%
112Ethiopia
75%
108Philippines
75%
69Thailand
75%
51South Korea
67%
58Tanzania
66%
54Myanmar
61%

Score Distribution

Percentile by Number Answered

Percent of People with Each Score

Your Score History

You have not taken this quiz